000 00316nam a2200121Ia 4500
005 20260328104257.0
008 260328s9999||||xx |||||||||||||| ||und||
100 _aFernández Barba, Fernando
245 0 _aHabita-Mueble /
_cFernando Fernández Barba
260 _bCIDI
650 _aDISEÑO INDUSTRIAL
942 _cBK
999 _c10468
_d10468